Southville International School and Colleges
Your cart is empty.
  • Cart
  • Lists
    Public lists Eva Luna New books Lux_list list_1
    Your lists Log in to create your own lists
  • Log in to your account
  • Your cookies
  • Search history
Southville International School and Colleges
  • Advanced search
  • Recent comments
  • Most popular
  • Libraries

Log in to your account

Log in with GOOGLE


If you do not have an external account, but do have a local account, you can still log in:

  1. Home
  2. MARC view: The fat attack plan /
Normal view MARC view ISBD view

The fat attack plan / (Record no. 15329)

[ view plain ]
MARC details
000 -LEADER
fixed length control field 01040pam a2200325 a 4500
001 - CONTROL NUMBER
control field 4346693
003 - CONTROL NUMBER IDENTIFIER
control field OSt
005 - DATE AND TIME OF LATEST TRANSACTION
control field 20140310182720.0
008 - FIXED-LENGTH DATA ELEMENTS--GENERAL INFORMATION
fixed length control field 891130s1990 nyua b 000 0 eng
010 ## - LIBRARY OF CONGRESS CONTROL NUMBER
LC control number 89049653
020 ## - INTERNATIONAL STANDARD BOOK NUMBER
International Standard Book Number 0671689797 :
Terms of availability $18.95 ($24.95 Can.)
040 ## - CATALOGING SOURCE
Original cataloging agency DLC
Transcribing agency DLC
Modifying agency DLC
050 00 - LIBRARY OF CONGRESS CALL NUMBER
Classification number RM 222.2
Item number .N279 1990
082 00 - DEWEY DECIMAL CLASSIFICATION NUMBER
Classification number M 613.26
Item number N21 1990
100 1# - MAIN ENTRY--PERSONAL NAME
Personal name Natow, Annette B.
245 14 - TITLE STATEMENT
Title The fat attack plan /
Statement of responsibility, etc Natow, Annette B.; Heslin, Jo-ann
260 ## - PUBLICATION, DISTRIBUTION, ETC. (IMPRINT)
Place of publication, distribution, etc New York :
Name of publisher, distributor, etc Pocket Books,
Date of publication, distribution, etc c1990.
300 ## - PHYSICAL DESCRIPTION
Extent xii, 355 p. :
Dimensions 24 cm.
504 ## - BIBLIOGRAPHY, ETC. NOTE
Bibliography, etc Includes bibliographical references (p. 351-355).
521 ## - TARGET AUDIENCE NOTE
Target audience note
526 ## - STUDY PROGRAM INFORMATION NOTE
Reading level 1210L-1700L
541 ## - IMMEDIATE SOURCE OF ACQUISITION NOTE
-- 1
562 ## - COPY AND VERSION IDENTIFICATION NOTE
Number of copies 1
650 #0 - SUBJECT ADDED ENTRY--TOPICAL TERM
Topical term or geographic name as entry element Reducing diets.
650 #0 - SUBJECT ADDED ENTRY--TOPICAL TERM
Topical term or geographic name as entry element Low-fat diet.
700 1# - ADDED ENTRY--PERSONAL NAME
Personal name Heslin, Jo-Ann.
906 ## - LOCAL DATA ELEMENT F, LDF (RLIN)
a 7
b cbc
c orignew
d 1
e ocip
f 19
g y-gencatlg
942 ## - ADDED ENTRY ELEMENTS (KOHA)
Source of classification or shelving scheme Library of Congress Classification
Koha item type Books
Call number prefix
Holdings
Withdrawn status Lost status Source of classification or shelving scheme Damaged status Home library Current library Shelving location Date acquired Total Checkouts Full call number Barcode Date last seen Copy number Price effective from Koha item type
    Library of Congress Classification   College Library College Library General Circulation Section 06/06/2013   RM 222.2 .N279 1990 C5819 05/15/2018 1 11/14/2013 Books

The fat attack plan /

APA

Natow A. B., Heslin J., . (1990). The fat attack plan. New York: Pocket Books.

Chicago

Natow Annette B, Heslin Jo-Ann, . 1990. The fat attack plan. New York: Pocket Books.

Harvard

Natow A. B., Heslin J., . (1990). The fat attack plan. New York: Pocket Books.

MLA

Natow Annette B, Heslin Jo-Ann, . The fat attack plan. New York: Pocket Books. 1990.

  • Place hold
  • Print
  • Cite
  • Add to your cart (remove)
  • Save record
    BIBTEX Dublin Core MARCXML MARC (non-Unicode/MARC-8) MARC (Unicode/UTF-8) MARC (Unicode/UTF-8, Standard) MODS (XML) RIS
  • More searches
    Search for this title in:
    Other Libraries (WorldCat) Other Databases (Google Scholar) Online Stores (Bookfinder.com) Open Library (openlibrary.org)

Exporting to Dublin Core...

SOUTHVILLE LIBRARY

Southville International School and Colleges Library

1281 Tropical Ave. Cor. Luxembourg St., BF Homes International, Las Pinas City

Tel. No. 8256374 / 252358 Loc. 117/146

Powered by Koha